000
00409nam a22001577a 4500
003
MPLRDC
005
20220104124603.0
008
210129b ||||| |||| 00| 0 eng d
082
_a
859.61 HBL
100
_a
河边柳、东阳联合编著
245
_a
尽一点做人的责任
_c
260
_a
_b
首都印务私人有限公司
_c
300
_b
平
650
_a
教育故事
942
_c
BK
_o
859.61 HBL
999
_c
20528
_d
20518